Statistics for Countries in US flag on map

Click here to take the quiz!

General Stats

  • This quiz has been taken 20 times
  • The average score is 47 of 54

Answers on the Map

Answers color-coded by a green-red scale on the quiz's map according to % correct below.
Loading ...
 

Answer Stats

Country% Correct
Italy
100%
France
93%
Kosovo
93%
Algeria
93%
Tunisia
93%
Libya
93%
Sudan
93%
NIger
93%
Greece
93%
Bulgaria
93%
Albania
93%
Croatia
93%
Bosnia and Herzegovina
93%
Portugal
93%
Montenegro
93%
Morocco
93%
Spain
93%
Jordan
87%
Mauritania
87%
United Arab Emirates
87%
Oman
87%
Yemen
87%
Egypt
87%
Mali
87%
Pakistan
87%
Chad
87%
Afghanistan
87%
Saudi Arabia
87%
Iraq
87%
Georgia
87%
Kazakhstan
87%
Turkmenistan
87%
Israel
87%
Serbia
87%
Syria
87%
Iran
87%
Armenia
87%
North Macedonia
87%
Turkey
87%
Uzbekistan
80%
Malta
80%
Eritrea
80%
Vatican City
80%
Russia
80%
Azerbaijan
80%
Qatar
80%
Cyprus
80%
Monaco
73%
Andorra
67%
Senegal
53%

Score Distribution

Percentile by Number Answered

Percent of People with Each Score

Your Score History

You have not taken this quiz